[Event "CAN-ch U10"]
[Site "Vancouver"]
[Date "2012.07.04"]
[Round "3"]
[White "Thomson, Noah"]
[Black "Chertkow, Matthew"]
[Result "0-1"]
[WhiteElo "622"]
[BlackElo "868"]
[PlyCount "102"]
[EventDate "2012.07.03"]
[EventType "swiss"]
[EventRounds "7"]
[EventCountry "CAN"]
[SourceTitle "EXT 2022"]
[Source "ChessBase"]
[SourceDate "2021.10.06"]
[SourceVersion "1"]
[SourceVersionDate "2021.10.06"]
[SourceQuality "1"]

1. e4 e5 2. g3 Nc6 3. f4 exf4 4. gxf4 Qh4+ 5. Ke2 d5 6. Nf3 Qxf4 7. Kf2 Bc5+ 8. Kg2 dxe4 9. d4 Qg4+ 10. Kf2 exf3 11. Qe1+ Be7 12. Rg1 Qxd4+ 13. Be3 Qh4+ 14. Rg3 Qxh2+ 15. Bg2 Bh4 16. Bg5+ Be6 17. Bxh4 Qxh4 18. Bxf3 Nf6 19. Qh1 Qxh1 20. Bxh1 0-0 21. Nc3 Nd4 22. Bf3 Nxf3 23. Kxf3 Bg4+ 24. Kg2 h5 25. Kf1 h4 26. Rg1 h3 27. Rh1 Nh5 28. Kf2 f5 29. Ne2 Bxe2 30. Kxe2 Ng3+ 31. Kf2 Nxh1+ 32. Rxh1 f4 33. Rxh3 f3 34. Rxf3 Rxf3+ 35. Kxf3 c5 36. c4 Rf8+ 37. Kg2 Rf4 38. Kg3 Rxc4 39. b3 Rc3+ 40. Kf2 b5 41. Ke2 a5 42. Kd2 Rh3 43. Kc2 a4 44. Kb2 axb3 45. axb3 c4 46. Kb1 c3 47. Kc2 g5 48. Kd1 g4 49. Ke1 Rh2 50. Kf1 g3 51. Kg1 c2 0-1